| 000 | 01010cab a2200265 4500 | ||
|---|---|---|---|
| 001 | X3650 | ||
| 008 | 090401t1996 xxu||||| |||| 00| 0 eng d | ||
| 035 | _a(Sirsi) u31837 | ||
| 041 | _aeng | ||
| 245 | _aWest Coast Wind Farms Ltd v SoS Environment and North Devon DC | ||
| 260 | _c1996 | ||
| 350 | _a0 | ||
| 490 |
_aJournal of Planning and Environment Law _v1996 JPL 767-775(9) |
||
| 520 | _aCA 14 December 1995. Renewable energy. Wind farms, PPG22. Contrary to development plan. S54A. Alternative sources of energy. Economically attractive. Environmental acceptability. Balancing exercise. Effect of noise levels on nearby residential property. Inspector`s decisions upheld. (Abstract headnote) | ||
| 650 | _aDEVELOPMENT PLAN | ||
| 650 | _aENVIRONMENTALLY-FRIENDLY | ||
| 650 | _aNOISE LEVELS | ||
| 650 | _aPPG22 | ||
| 650 | _aRENEWABLE ENERGY SOURCES | ||
| 650 | _aS54A NOTICES | ||
| 650 | _aWIND FARMS | ||
| 690 | _aPLANNING LAW AND PRACTICE-CASE LAW | ||
| 942 | _n0 | ||
| 948 | _c04/03/1997 | ||
| 999 |
_c21370 _d21370 |
||